[Event "Katowice POL-HUN 10th"]
[Site "Katowice"]
[Date "2023.09.10"]
[Round "9"]
[White "Pniaczek, Marek"]
[Black "Sanetra, Szymon"]
[Result "1-0"]
[WhiteElo "2143"]
[BlackElo "2018"]
[PlyCount "75"]
[EventDate "2023.09.09"]
[EventType "swiss (rapid)"]
[EventRounds "9"]
[EventCountry "POL"]
[SourceTitle "EXT 2024"]
[Source "ChessBase"]
[SourceDate "2023.10.10"]
[SourceVersion "1"]
[SourceVersionDate "2023.10.10"]
[SourceQuality "1"]

1. e4 c6 2. Nc3 d5 3. Nf3 Bg4 4. Be2 e6 5. d4 dxe4 6. Nxe4 Nd7 7. 0-0 Ngf6 8. Ng3 Qc7 9. h3 Bxf3 10. Bxf3 Bd6 11. Ne4 Nxe4 12. Bxe4 Nf6 13. Bf3 Bh2+ 14. Kh1 Bf4 15. Re1 0-0 16. c3 Rad8 17. Qc2 Rfe8 18. Bxf4 Qxf4 19. Re5 Nd7 20. Re4 Qf6 21. Rae1 g6 22. a4 Qg7 23. a5 a6 24. Qb3 Nf6 25. Re5 Re7 26. g3 Red7 27. h4 h5 28. Kg2 Qf8 29. Rg5 Kh7 30. Qc2 Qh6 31. Ree5 Rd6 32. Rxh5 Nxh5 33. Rxh5 Qxh5 34. Bxh5 Rd5 35. Bf3 Rxa5 36. h5 Kg7 37. hxg6 fxg6 38. Qb3 1-0

[Event "Titled Tuesday intern op 25th Jul Late"]
[Site "Chess.com INT"]
[Date "2023.07.25"]
[Round "4"]
[White "Weetik, Vjacheslav"]
[Black "Pniaczek, Marek"]
[Result "1-0"]
[WhiteElo "2423"]
[BlackElo "2185"]
[PlyCount "69"]
[EventDate "2023.07.25"]
[EventType "swiss (blitz)"]
[EventRounds "11"]
[EventCountry "USA"]
[SourceTitle "EXT 2024"]
[Source "ChessBase"]
[SourceDate "2023.10.10"]
[SourceVersion "1"]
[SourceVersionDate "2023.10.10"]
[SourceQuality "1"]

1. d4 Nf6 2. c4 e6 3. g3 d5 4. Nf3 Be7 5. Bg2 0-0 6. 0-0 dxc4 7. Qc2 c6 8. Qxc4 b5 9. Qc2 Bb7 10. Nbd2 Qb6 11. a4 Nbd7 12. Nb3 c5 13. dxc5 Nxc5 14. Be3 Rac8 15. Rfc1 Nxb3 16. Qxb3 bxa4 17. Qxb6 axb6 18. Bxb6 Nd5 19. Bd4 Rxc1+ 20. Rxc1 a3 21. bxa3 Bxa3 22. Rb1 Bc6 23. Ne5 Ba8 24. Ra1 Bd6 25. h3 h6 26. Ra7 Bxe5 27. Bxe5 Nb6 28. f3 Nc4 29. Bc3 Bd5 30. e4 Ba8 31. Kf2 Rc8 32. Bf1 Nb6 33. Bd4 Rc2+ 34. Ke3 Rc1 35. Bxb6 1-0

[Event "Ostrava Konik op-A"]
[Site "Ostrava"]
[Date "2023.05.10"]
[Round "5"]
[White "Lys, Josef"]
[Black "Pniaczek, Marek"]
[Result "1/2-1/2"]
[WhiteElo "2041"]
[BlackElo "2228"]
[PlyCount "83"]
[EventDate "2023.05.06"]
[EventType "swiss"]
[EventRounds "9"]
[EventCountry "CZE"]
[SourceTitle "CBM 214 Extra"]
[Source "ChessBase"]
[SourceDate "2023.07.31"]
[SourceVersion "1"]
[SourceVersionDate "2023.07.31"]
[SourceQuality "1"]

1. d4 Nf6 2. Nf3 d5 3. c4 e6 4. Nc3 dxc4 5. e3 a6 6. a4 b6 7. Bxc4 Bb7 8. 0-0 Bb4 9. Qb3 Qe7 10. Ne5 Nc6 11. Nxc6 Bxc6 12. f3 0-0 13. e4 e5 14. d5 Bc5+ 15. Kh1 Bd7 16. Bg5 Qd6 17. Ne2 h6 18. Bh4 Nh7 19. Qd3 a5 20. b3 Rae8 21. Rad1 f5 22. Bb5 Bxb5 23. Qxb5 g5 24. Bg3 fxe4 25. fxe4 Nf6 26. Qd3 Nh5 27. Nc3 Rxf1+ 28. Rxf1 Nf4 29. Qc4 Kg7 30. Bf2 Bxf2 31. Rxf2 c6 32. g3 cxd5 33. exd5 Nh3 34. Rf5 Qd7 35. Qe4 Qc8 36. Ne2 g4 37. Qxg4+ Ng5 38. h4 Rf8 39. Rxg5+ hxg5 40. Qxg5+ Kh7 41. Qh5+ Kg8 42. Qg6+ 1/2-1/2

[Event "Titled Tuesday intern op 11th Apr Early"]
[Site "Chess.com INT"]
[Date "2023.04.11"]
[Round "8"]
[White "Novikov, Evgenij"]
[Black "Pniaczek, Marek"]
[Result "0-1"]
[WhiteElo "2276"]
[BlackElo "2228"]
[PlyCount "88"]
[EventDate "2023.04.11"]
[EventType "swiss (blitz)"]
[EventRounds "11"]
[EventCountry "USA"]
[SourceTitle "CBM 213 Extra"]
[Source "ChessBase"]
[SourceDate "2023.05.31"]
[SourceVersion "1"]
[SourceVersionDate "2023.05.31"]
[SourceQuality "1"]

1. c4 e6 2. Nf3 Nf6 3. g3 d5 4. Bg2 Be7 5. d4 0-0 6. 0-0 dxc4 7. Qc2 a6 8. Qxc4 b5 9. Qc2 Bb7 10. Rd1 Be4 11. Qd2 c5 12. Nc3 Bb7 13. Qc2 Qc7 14. dxc5 Bxc5 15. Bf4 Qb6 16. e3 Nc6 17. Rac1 Rac8 18. Na4 bxa4 19. Qxc5 Qxc5 20. Rxc5 Nb4 21. Rxc8 Rxc8 22. a3 Nbd5 23. Be5 Nd7 24. Bd4 Rc2 25. Ne1 Rc8 26. Nd3 Ba8 27. Rc1 Rb8 28. Bxd5 Bxd5 29. Nb4 Bb3 30. Rc7 Nf8 31. Nxa6 Rd8 32. Nc5 e5 33. Bxe5 Rd1+ 34. Kg2 Bd5+ 35. Kh3 Bf3 36. g4 h5 37. gxh5 Rg1 38. Bg3 g6 39. hxg6 Nxg6 40. Nd3 Be4 41. Rc5 Bxd3 42. Rg5 f6 43. Rc5 Kf7 44. f3 Be2 0-1

[Event "Titled Tuesday intern op 11th Apr Early"]
[Site "Chess.com INT"]
[Date "2023.04.11"]
[Round "2"]
[White "Pniaczek, Marek"]
[Black "Aung, Thant Zin"]
[Result "1-0"]
[WhiteElo "2228"]
[BlackElo "2268"]
[PlyCount "31"]
[EventDate "2023.04.11"]
[EventType "swiss (blitz)"]
[EventRounds "11"]
[EventCountry "USA"]
[SourceTitle "CBM 213 Extra"]
[Source "ChessBase"]
[SourceDate "2023.05.31"]
[SourceVersion "1"]
[SourceVersionDate "2023.05.31"]
[SourceQuality "1"]

1. e4 c5 2. Nf3 Nc6 3. d4 cxd4 4. Nxd4 Nf6 5. Nc3 d6 6. Bg5 e6 7. Qd3 a6 8. 0-0-0 Qc7 9. Nxc6 bxc6 10. Qg3 Be7 11. Bc4 Rb8 12. Bb3 e5 13. Rd3 h6 14. Bxf6 Bxf6 15. Rhd1 c5 16. Rxd6 1-0

[Event "Titled Tuesday intern op 11th Apr Early"]
[Site "Chess.com INT"]
[Date "2023.04.11"]
[Round "4"]
[White "Sowinski, Pawel"]
[Black "Pniaczek, Marek"]
[Result "1-0"]
[WhiteElo "2313"]
[BlackElo "2228"]
[PlyCount "33"]
[EventDate "2023.04.11"]
[EventType "swiss (blitz)"]
[EventRounds "11"]
[EventCountry "USA"]
[SourceTitle "CBM 213 Extra"]
[Source "ChessBase"]
[SourceDate "2023.05.31"]
[SourceVersion "1"]
[SourceVersionDate "2023.05.31"]
[SourceQuality "1"]

1. c4 e6 2. Nf3 Nf6 3. g3 d5 4. Bg2 Be7 5. 0-0 0-0 6. d4 dxc4 7. a4 c6 8. Ne5 Nbd7 9. Nxc4 c5 10. Nc3 cxd4 11. Qxd4 Bc5 12. Qd3 Qe7 13. Bf4 e5 14. Bg5 Nb6 15. Nxb6 axb6 16. Nd5 Qe6 17. Nc7 1-0

[Event "Titled Tuesday intern op 21st Mar Early"]
[Site "Chess.com INT"]
[Date "2023.03.21"]
[Round "5"]
[White "Dinu, Dumitru Daniel"]
[Black "Pniaczek, Marek"]
[Result "0-1"]
[WhiteElo "2203"]
[BlackElo "2232"]
[PlyCount "86"]
[EventDate "2023.03.21"]
[EventType "swiss (blitz)"]
[EventRounds "11"]
[EventCountry "USA"]
[SourceTitle "EXT 2024"]
[Source "ChessBase"]
[SourceDate "2023.10.10"]
[SourceVersion "1"]
[SourceVersionDate "2023.10.10"]
[SourceQuality "1"]

1. e4 e5 2. Nf3 Nc6 3. Bb5 a6 4. Ba4 Nf6 5. d3 b5 6. Bb3 Bc5 7. 0-0 d6 8. c3 0-0 9. Re1 Bb6 10. Nbd2 Bb7 11. Nf1 Ne7 12. Be3 Bxe3 13. Nxe3 Ng6 14. Nf5 c5 15. Ng5 h6 16. Nh3 d5 17. exd5 Nxd5 18. Qh5 Ndf4 19. Nxf4 Nxf4 20. Qg4 Qf6 21. Re3 h5 22. Ne7+ Kh8 23. Qg3 Nxg2 24. Rxe5 Nf4 25. Rae1 g6 26. Rxc5 Rfe8 27. Rce5 Rad8 28. Nxg6+ fxg6 29. Rxe8+ Rxe8 30. Rxe8+ Kg7 31. d4 Bc6 32. Re1 Ng2 33. Rf1 Nh4 34. f3 Nxf3+ 35. Rxf3 Bxf3 36. Qc7+ Kh6 37. Bc2 Qg5+ 38. Kf2 Qg2+ 39. Ke3 Qe2+ 40. Kf4 g5+ 41. Kf5 Qxc2+ 42. Kf6 Qg6+ 43. Ke5 Qg7+ 0-1

[Event "Titled Tuesday intern op 21st Mar Early"]
[Site "Chess.com INT"]
[Date "2023.03.21"]
[Round "10"]
[White "Pniaczek, Marek"]
[Black "Larino Nieto, David"]
[Result "0-1"]
[WhiteElo "2232"]
[BlackElo "2375"]
[PlyCount "58"]
[EventDate "2023.03.21"]
[EventType "swiss (blitz)"]
[EventRounds "11"]
[EventCountry "USA"]
[SourceTitle "EXT 2024"]
[Source "ChessBase"]
[SourceDate "2023.10.10"]
[SourceVersion "1"]
[SourceVersionDate "2023.10.10"]
[SourceQuality "1"]

1. e4 d5 2. exd5 Qxd5 3. Nc3 Qa5 4. Nf3 Nf6 5. d4 Nc6 6. d5 Nb4 7. Bc4 Bg4 8. 0-0 0-0-0 9. h3 Bh5 10. Bd2 Qc5 11. Bb3 Nbxd5 12. Nxd5 Nxd5 13. Qe2 e6 14. c4 Nb4 15. Be3 Qf5 16. g4 Bxg4 17. hxg4 Qxg4+ 18. Kh1 Bd6 19. Rfd1 g5 20. Ng1 Qf5 21. Qf3 Qg6 22. c5 g4 23. Qe2 Be5 24. c6 Nxc6 25. Rac1 Rdg8 26. Rxc6 Qe4+ 27. f3 gxf3 28. Qxf3 Rxg1+ 29. Kxg1 Qxf3 0-1

[Event "Titled Tuesday intern op 21st Mar Late"]
[Site "Chess.com INT"]
[Date "2023.03.21"]
[Round "1"]
[White "Pniaczek, Marek"]
[Black "Sai, Krishna GV"]
[Result "0-1"]
[WhiteElo "2232"]
[BlackElo "2385"]
[PlyCount "76"]
[EventDate "2023.03.21"]
[EventType "swiss (blitz)"]
[EventRounds "11"]
[EventCountry "USA"]
[SourceTitle "EXT 2024"]
[Source "ChessBase"]
[SourceDate "2023.10.10"]
[SourceVersion "1"]
[SourceVersionDate "2023.10.10"]
[SourceQuality "1"]

1. e4 c5 2. Nf3 d6 3. d4 cxd4 4. Qxd4 Nf6 5. Bb5+ Nc6 6. Bg5 Bd7 7. Bxc6 bxc6 8. e5 dxe5 9. Nxe5 Nd5 10. 0-0 f6 11. Nxd7 Qxd7 12. Bd2 e5 13. Qa4 Bc5 14. Nc3 Nb6 15. Qe4 0-0 16. Rad1 Bd4 17. Ne2 f5 18. Qd3 c5 19. Qh3 e4 20. Bc3 Qf7 21. Nxd4 cxd4 22. Rxd4 Qxa2 23. Qg3 Rf7 24. Rfd1 Raf8 25. Rd8 Nd7 26. Rxf8+ Nxf8 27. h3 f4 28. Qg4 e3 29. fxe3 fxe3 30. Rd8 Qb1+ 31. Kh2 Qxc2 32. Re8 Qg6 33. Rxf8+ Kxf8 34. Qc8+ Ke7 35. Qc7+ Ke6 36. Qc6+ Kf5 37. Qd5+ Kf4 38. Be5+ Kg5 0-1

[Event "Titled Tuesday intern op 21st Mar Late"]
[Site "Chess.com INT"]
[Date "2023.03.21"]
[Round "9"]
[White "Pniaczek, Marek"]
[Black "Tregubov, Pavel V"]
[Result "1/2-1/2"]
[WhiteElo "2232"]
[BlackElo "2556"]
[PlyCount "103"]
[EventDate "2023.03.21"]
[EventType "swiss (blitz)"]
[EventRounds "11"]
[EventCountry "USA"]
[SourceTitle "EXT 2024"]
[Source "ChessBase"]
[SourceDate "2023.10.10"]
[SourceVersion "1"]
[SourceVersionDate "2023.10.10"]
[SourceQuality "1"]

1. e4 c5 2. Nf3 e6 3. d4 cxd4 4. Nxd4 Nf6 5. Nc3 Nc6 6. Nxc6 bxc6 7. e5 Nd5 8. Ne4 Qc7 9. f4 Qb6 10. c4 Bb4+ 11. Ke2 f5 12. exf6 Nxf6 13. Be3 Qd8 14. Nd6+ Bxd6 15. Qxd6 Bb7 16. Rg1 c5 17. g4 Ne4 18. Qe5 0-0 19. Bg2 d6 20. Qxe6+ Kh8 21. Bxe4 Re8 22. Qxe8+ Qxe8 23. Bxb7 Rb8 24. Bd5 Rxb2+ 25. Kf3 Rxh2 26. Rh1 Rc2 27. Rxh7+ Kxh7 28. Be4+ Kg8 29. Bxc2 Qe7 30. Be4 Qh4 31. Bd5+ Kf8 32. Bf2 Qh3+ 33. Bg3 Qh6 34. Rb1 Qf6 35. Rb8+ Ke7 36. Rb7+ Kd8 37. g5 Qc3+ 38. Kg4 g6 39. Rb3 Qc2 40. Rb8+ Kc7 41. Rb7+ Kc8 42. Rf7 Qe2+ 43. Bf3 Qxc4 44. Rf6 Qd3 45. Be1 c4 46. Ba5 c3 47. Rf7 c2 48. Rc7+ Kb8 49. Rb7+ Kc8 50. Rc7+ Kb8 51. Rb7+ Kc8 52. Rc7+ 1/2-1/2

[Event "Titled Tuesday intern op 21st Mar Early"]
[Site "Chess.com INT"]
[Date "2023.03.21"]
[Round "3"]
[White "Safin, Robert"]
[Black "Pniaczek, Marek"]
[Result "1-0"]
[WhiteElo "2207"]
[BlackElo "2232"]
[PlyCount "73"]
[EventDate "2023.03.21"]
[EventType "swiss (blitz)"]
[EventRounds "11"]
[EventCountry "USA"]
[SourceTitle "EXT 2024"]
[Source "ChessBase"]
[SourceDate "2023.10.10"]
[SourceVersion "1"]
[SourceVersionDate "2023.10.10"]
[SourceQuality "1"]

1. e4 e5 2. Nf3 Nc6 3. d4 exd4 4. Nxd4 Bc5 5. Nb3 Bb6 6. Qe2 Qf6 7. Nc3 Nge7 8. Be3 d6 9. 0-0-0 Bd7 10. g3 0-0-0 11. f4 Bxe3+ 12. Qxe3 Kb8 13. Kb1 h5 14. h3 Rhe8 15. Be2 h4 16. g4 g6 17. Rhf1 Qh8 18. a3 f5 19. Qf3 Rf8 20. g5 fxe4 21. Nxe4 Nf5 22. Nf6 Ng3 23. Rfe1 Bxh3 24. Bb5 Rxf6 25. gxf6 Bd7 26. f7 Qf6 27. Na5 Qxf7 28. Bxc6 bxc6 29. Nxc6+ Bxc6 30. Qxc6 Qd7 31. Qf3 Nf5 32. Rd3 c6 33. Rb3+ Ka8 34. Rc3 d5 35. Qg4 Rb8 36. Rd3 Ne7 37. Qxd7 1-0